[Event "Chess Olympiad 2012"]
[Site "?"]
[Date "????.??.??"]
[Round "10"]
[White "Shirov, Alexei"]
[Black "Munoz Santana, Jose Lisan"]
[Result "1-0"]
[WhiteElo "2706"]
[BlackElo "2428"]
[PlyCount "95"]

1. e4 c5 2. Nf3 e6 3. d4 cxd4 4. Nxd4 Nc6 5. Nc3 Qc7 6. Be3 a6 7. Qd2 Nf6 8.
O-O-O Be7 9. f3 O-O 10. g4 b5 11. g5 Nh5 12. Nce2 Nxd4 13. Qxd4 f5 14. Ng3 Nf4
15. exf5 Bxg5 16. Ne4 e5 17. Qd6 Ne2+ 18. Bxe2 Bxe3+ 19. Kb1 Qxd6 20. Nxd6 Bc5
21. Bd3 Bxd6 22. Be4 Rb8 23. Rxd6 Rf6 24. Rxf6 gxf6 25. Rg1+ Kh8 26. Rd1 Kg7
27. b4 Kf8 28. Kb2 Ke7 29. Rg1 d5 30. Bxd5 Bxf5 31. Rg7+ Kd6 32. Bb7 Bd7 33.
Be4 f5 34. Bd3 Re8 35. Rxh7 e4 36. fxe4 fxe4 37. Be2 Rg8 38. Rh6+ Ke5 39. Rxa6
e3 40. Kc3 Bf5 41. Bxb5 Be4 42. Bc4 Rc8 43. Ra5+ Kf4 44. Rc5 Rxc5 45. bxc5 Kf3
46. Kd4 Bc6 47. h4 Be8 48. Ke5 1-0

[Event "Chess Olympiad 2012"]
[Site "?"]
[Date "????.??.??"]
[Round "11"]
[White "Wang, Yue"]
[Black "Ponomariov, Ruslan"]
[Result "1/2-1/2"]
[WhiteElo "2685"]
[BlackElo "2734"]
[PlyCount "98"]

1. c4 e5 2. g3 Nf6 3. Bg2 d5 4. cxd5 Nxd5 5. Nc3 Nb6 6. Nf3 Nc6 7. a3 Be7 8. b4
Be6 9. d3 O-O 10. O-O Nd4 11. Bb2 Nxf3+ 12. Bxf3 c6 13. Ne4 Nd7 14. Qc2 Bd5 15.
Bc3 Re8 16. a4 Bf8 17. Nd2 Bxf3 18. Nxf3 Rc8 19. Rfd1 Qe7 20. Qb2 Rc7 21. b5 e4
22. dxe4 Qxe4 23. bxc6 Qxc6 24. Bd4 Nc5 25. a5 Qe6 26. Be3 Qa6 27. Rdc1 g6 28.
Qa2 Rec8 29. Bf4 Bd6 30. Bh6 Ne6 31. Rxc7 Rxc7 32. Rd1 Qc6 33. h4 Bf8 34. Be3
b5 35. axb6 axb6 36. Ne5 Qc2 37. Qd5 Qxe2 38. Bxb6 Bc5 39. Bxc7 Bxf2+ 40. Kh1
Bxg3 41. Nf3 Bxc7 42. Re1 Qf2 43. Rxe6 Qf1+ 44. Ng1 fxe6 45. Qxe6+ Qf7 46.
Qxf7+ Kxf7 47. h5 g5 48. Nh3 Kf6 49. Nxg5 Ke5 1/2-1/2

[Event "Chess Olympiad 2012"]
[Site "?"]
[Date "????.??.??"]
[Round "11"]
[White "Bu, Xiangzhi"]
[Black "Eljanov, Pavel"]
[Result "0-1"]
[WhiteElo "2670"]
[BlackElo "2693"]
[PlyCount "112"]

1. Nf3 d5 2. d4 Nf6 3. c4 c6 4. e3 Bg4 5. h3 Bh5 6. Nc3 e6 7. Qb3 Qc7 8. Bd2
Nbd7 9. Rc1 Qb6 10. cxd5 Qxb3 11. axb3 Nxd5 12. e4 Nb4 13. Be3 Bxf3 14. gxf3 e5
15. Ke2 exd4 16. Bxd4 Nc5 17. Bxc5 Bxc5 18. Nd5 Nxd5 19. Rxc5 Nc7 20. Re5+ Kf8
21. Ke3 f6 22. Ra5 a6 23. f4 Rd8 24. Bc4 g6 25. Raa1 Ke7 26. h4 Ne6 27. h5 Nd4
28. Rac1 g5 29. Rhd1 gxf4+ 30. Kxf4 b5 31. Bd3 c5 32. Rc3 Rhg8 33. Ke3 Rg5 34.
Be2 Nxe2 35. Kxe2 Rxd1 36. Kxd1 Rxh5 37. b4 cxb4 38. Rc7+ Kd6 39. Ra7 Rh1+ 40.
Kd2 Ra1 41. Rxh7 a5 42. Rh5 Kc6 43. Rf5 a4 44. Rxf6+ Kc5 45. Rf5+ Kc4 46. e5 a3
47. Rf4+ Kc5 48. bxa3 bxa3 49. Kc2 b4 50. e6 Re1 51. e7 a2 52. Rf5+ Kc4 53.
Rf4+ Kb5 54. Rf5+ Ka4 55. Rf7 b3+ 56. Kd2 b2 0-1

[Event "Chess Olympiad 2012"]
[Site "?"]
[Date "????.??.??"]
[Round "11"]
[White "Leko, Peter"]
[Black "Aronian, Levon"]
[Result "1/2-1/2"]
[WhiteElo "2737"]
[BlackElo "2816"]
[PlyCount "60"]

1. d4 d5 2. c4 e6 3. Nf3 Nf6 4. g3 Be7 5. Bg2 O-O 6. O-O dxc4 7. Qc2 a6 8. a4
Bd7 9. Rd1 Bc6 10. Nc3 Bxf3 11. Bxf3 Nc6 12. Bxc6 bxc6 13. a5 Rb8 14. Ra4 Rb4
15. Na2 Rxa4 16. Qxa4 Qb8 17. Qxc4 Qb7 18. Bg5 Qxb2 19. Nc3 Nd5 20. Bxe7 Nxc3
21. Bxf8 Nxd1 22. Qxa6 Ne3 23. fxe3 Qb1+ 24. Kf2 Qf5+ 25. Ke1 Qb1+ 26. Kd2 Qb2+
27. Kd3 Qb3+ 28. Kd2 Qb2+ 29. Kd3 Qb3+ 30. Kd2 Qb2+ 1/2-1/2

[Event "Chess Olympiad 2012"]
[Site "?"]
[Date "????.??.??"]
[Round "11"]
[White "Movsesian, Sergei"]
[Black "Almasi, Zoltan"]
[Result "1-0"]
[WhiteElo "2698"]
[BlackElo "2713"]
[PlyCount "97"]

1. e4 e5 2. Nf3 Nc6 3. Bb5 a6 4. Ba4 Nf6 5. O-O Be7 6. d3 d6 7. c3 O-O 8. Nbd2
b5 9. Bc2 d5 10. Re1 dxe4 11. dxe4 Be6 12. a4 b4 13. Qe2 Qc8 14. Nc4 Nd7 15. a5
f6 16. Ne3 b3 17. Bb1 Bd6 18. Nd5 Bxd5 19. exd5 Ne7 20. Bd3 Qb7 21. Bc4 Nxd5
22. Nd4 exd4 23. Qe6+ Kh8 24. Bxd5 c6 25. Qxd6 cxd5 26. cxd4 Rfe8 27. Bf4 Qb5
28. h3 Rac8 29. Rxe8+ Rxe8 30. Rc1 Nf8 31. Qb6 Qd3 32. Qc6 Qe4 33. Be3 Ng6 34.
Qxa6 Nh4 35. Qf1 h6 36. Rc3 Ra8 37. f3 Qe6 38. Bf2 Ng6 39. Qb5 Nf4 40. Be3 Qf5
41. Kh2 Ng6 42. Rxb3 Nh4 43. Bf2 Qg5 44. Bg3 Nf5 45. f4 Qg6 46. Qxd5 Re8 47. a6
h5 48. a7 h4 49. Bf2 1-0

[Event "Chess Olympiad 2012"]
[Site "?"]
[Date "????.??.??"]
[Round "11"]
[White "Polgar, Judit"]
[Black "Akopian, Vladimir"]
[Result "1/2-1/2"]
[WhiteElo "2698"]
[BlackElo "2687"]
[PlyCount "187"]

1. e4 e5 2. Nf3 Nc6 3. Bb5 Nf6 4. O-O Nxe4 5. Re1 Nd6 6. Nxe5 Be7 7. Bf1 Nxe5
8. Rxe5 O-O 9. Nc3 Ne8 10. Nd5 Bd6 11. Re1 c6 12. Ne3 Bc7 13. Nf5 d5 14. Ne7+
Kh8 15. Nxc8 Rxc8 16. d4 Nf6 17. g3 Qd7 18. Qd3 Rce8 19. Be3 a6 20. f3 Re7 21.
Bg5 Rfe8 22. Rxe7 Rxe7 23. b4 h6 24. Bxf6 gxf6 25. a4 Kg7 26. a5 f5 27. f4 Qd6
28. c3 Qe6 29. Kf2 Qe4 30. Rd1 Qxd3 31. Bxd3 Kf6 32. Rc1 Bd6 33. h3 Re8 34. Kf3
h5 35. h4 Re7 36. Kf2 Re8 37. Be2 Kg6 38. Bf3 Bf8 39. Bd1 Re4 40. Bc2 Re6 41.
Rg1 Kf6 42. Bd3 Bd6 43. Be2 Kg6 44. Ke1 Kh6 45. Kd2 Rg6 46. Ke3 Re6+ 47. Kf2
Kg6 48. Re1 Re4 49. Bf3 Re6 50. Re3 Kh6 51. Bd1 Kg6 52. Bc2 Bc7 53. Bd3 Bd6 54.
Ke2 Kf6 55. Kd2 Kg6 56. Re1 Kf6 57. Rb1 Re8 58. Rf1 Rg8 59. Rf3 Re8 60. Re3 Re6
61. Re2 Kg6 62. Bc2 Bc7 63. Bd1 Bd6 64. Re3 Re4 65. Bf3 Re6 66. Kd3 Kh6 67. Bg2
Kg6 68. Kd2 Kh6 69. Bf1 Kg6 70. Bd3 Bc7 71. Re2 Bd6 72. Kc2 Kf6 73. Kb3 Re4 74.
Kb2 Re6 75. Kc2 Kg6 76. Rg2 Kf6 77. Rg1 Re8 78. Kd2 Rg8 79. Ke3 Re8+ 80. Kf2
Re6 81. Be2 Kg6 82. Bf3 Re7 83. Rc1 Kh6 84. Re1 Re6 85. Rxe6+ fxe6 86. Ke3 Kg6
87. Kd3 Be7 88. Kc2 Bf8 89. Kb3 Bg7 90. Be2 Bf6 91. Ka4 Kh6 92. Bf1 Kg6 93. Bd3
Kf7 94. Be2 1/2-1/2

[Event "Chess Olympiad 2012"]
[Site "?"]
[Date "????.??.??"]
[Round "11"]
[White "Sargissian, Gabriel"]
[Black "Berkes, Ferenc"]
[Result "1/2-1/2"]
[WhiteElo "2693"]
[BlackElo "2685"]
[PlyCount "90"]

1. Nf3 Nf6 2. c4 e6 3. d4 d5 4. Nc3 c5 5. cxd5 Nxd5 6. e4 Nxc3 7. bxc3 cxd4 8.
cxd4 Bb4+ 9. Bd2 Bxd2+ 10. Qxd2 O-O 11. Bc4 b6 12. O-O Nd7 13. Rfe1 Bb7 14. a4
Rc8 15. Bd3 Nb8 16. a5 bxa5 17. Qxa5 Qxa5 18. Rxa5 Nc6 19. Ra4 a5 20. Nd2 Nb4
21. Bb1 Rfd8 22. Nb3 Ba6 23. Rxa5 Bc4 24. Ra4 Rb8 25. Na5 Rxd4 26. Rxb4 Rxb4
27. Nc6 Bb5 28. Nxb4 Rxb4 29. e5 Bc6 30. Bd3 g5 31. f3 Kg7 32. Kf2 h5 33. Be4
Bxe4 34. Rxe4 Rb2+ 35. Kg1 Kg6 36. h4 gxh4 37. Rxh4 Re2 38. f4 Ra2 39. Kh2 Kf5
40. Kh3 Ra1 41. Kh2 Ke4 42. g3 Kf3 43. f5 Ra5 44. fxe6 fxe6 45. Rxh5 Kg4
1/2-1/2

[Event "Chess Olympiad 2012"]
[Site "?"]
[Date "????.??.??"]
[Round "11"]
[White "Kramnik, Vladimir"]
[Black "Naiditsch, Arkadij"]
[Result "1-0"]
[WhiteElo "2797"]
[BlackElo "2712"]
[PlyCount "83"]

1. d4 Nf6 2. c4 e6 3. Nc3 Bb4 4. Nf3 b6 5. Qb3 c5 6. Bg5 h6 7. Bh4 g5 8. Bg3
Ne4 9. e3 Nc6 10. Bd3 Bxc3+ 11. bxc3 Nxg3 12. fxg3 Qe7 13. O-O Bb7 14. Rae1
O-O-O 15. Be4 f6 16. Bxc6 dxc6 17. a4 cxd4 18. exd4 c5 19. a5 Qd6 20. axb6 axb6
21. Rf2 Rhe8 22. Rd2 e5 23. d5 e4 24. Rde2 f5 25. g4 fxg4 26. Nd2 e3 27. Rxe3
Rxe3 28. Rxe3 Kc7 29. Re6 Qxe6 30. dxe6 Rxd2 31. Qb1 Rxg2+ 32. Kf1 Rxh2 33.
Qh7+ Kb8 34. e7 Bc6 35. Qg8+ Kb7 36. Qf7 Rh1+ 37. Ke2 Rh2+ 38. Ke1 Rh1+ 39. Kd2
Rh2+ 40. Kc1 Ka6 41. e8=Q Bxe8 42. Qxe8 1-0

[Event "Chess Olympiad 2012"]
[Site "?"]
[Date "????.??.??"]
[Round "11"]
[White "Khenkin, Igor"]
[Black "Grischuk, Alexander"]
[Result "1/2-1/2"]
[WhiteElo "2656"]
[BlackElo "2763"]
[PlyCount "30"]

1. d4 Nf6 2. c4 g6 3. Nc3 d5 4. cxd5 Nxd5 5. e4 Nxc3 6. bxc3 Bg7 7. Nf3 c5 8.
Be3 Qa5 9. Qd2 O-O 10. Rc1 Rd8 11. d5 e6 12. Bg5 Rd6 13. Bf4 Rd8 14. Bg5 Rd6
15. Bf4 Rd8 1/2-1/2

[Event "Chess Olympiad 2012"]
[Site "?"]
[Date "????.??.??"]
[Round "11"]
[White "Karjakin, Sergey"]
[Black "Fridman, Daniel"]
[Result "1-0"]
[WhiteElo "2785"]
[BlackElo "2653"]
[PlyCount "119"]

1. e4 e5 2. Bc4 Nf6 3. d3 c6 4. Nf3 d5 5. Bb3 Bb4+ 6. Bd2 Bxd2+ 7. Qxd2 O-O 8.
Nxe5 Qe7 9. f4 dxe4 10. d4 Nd5 11. O-O f6 12. Nc4 Kh8 13. Nc3 Nxc3 14. Qxc3 f5
15. Ne5 Be6 16. Qh3 Kg8 17. g4 fxg4 18. Qxg4 Bxb3 19. axb3 Na6 20. Rae1 Nc7 21.
Rxe4 Ne8 22. Qd7 Qxd7 23. Nxd7 Rf7 24. Ne5 Re7 25. Ree1 Nd6 26. Nd3 Rf7 27. c3
Raf8 28. Re6 Nb5 29. Rfe1 g6 30. Kg2 Nc7 31. Re7 Nd5 32. Rxf7 Rxf7 33. Re8+ Kg7
34. Kg3 Nf6 35. Rb8 Ne4+ 36. Kg2 Kh6 37. b4 Kh5 38. Re8 Nd6 39. Re3 Nf5 40. Re5
a6 41. h3 h6 42. Nf2 g5 43. fxg5 Nh4+ 44. Kf1 hxg5 45. Re8 Ng6 46. Re3 Nf4 47.
Kg1 Nd5 48. Re8 Nf4 49. Kh2 Kg6 50. Re5 Rh7 51. Kg3 Nh5+ 52. Kg4 Nf6+ 53. Kf3
Nd5 54. Re6+ Kf5 55. Rd6 Nf4 56. Ne4 Ne6 57. Rxe6 Rxh3+ 58. Kg2 Re3 59. Re5+
Kf4 60. Nc5 1-0

[Event "Chess Olympiad 2012"]
[Site "?"]
[Date "????.??.??"]
[Round "11"]
[White "Gustafsson, Jan"]
[Black "Jakovenko, Dmitry"]
[Result "1/2-1/2"]
[WhiteElo "2610"]
[BlackElo "2722"]
[PlyCount "61"]

1. d4 d5 2. c4 c6 3. Nf3 Nf6 4. Nc3 e6 5. e3 Nbd7 6. Bd3 dxc4 7. Bxc4 b5 8. Bd3
b4 9. Ne4 Nxe4 10. Bxe4 Bb7 11. a3 bxa3 12. O-O Bd6 13. Nd2 axb2 14. Bxb2 O-O
15. Qc2 Nf6 16. Bf3 a5 17. Nc4 Bb4 18. Rfb1 Qc7 19. Ne5 Rfc8 20. Ba3 Nd5 21.
Bxd5 cxd5 22. Qxc7 Rxc7 23. Bxb4 axb4 24. Rxa8+ Bxa8 25. h3 Rb7 26. Nd3 b3 27.
Nc5 Rb8 28. Rxb3 Rxb3 29. Nxb3 Bc6 30. Nc5 Kf8 31. f4 1/2-1/2

[Event "Chess Olympiad 2012"]
[Site "?"]
[Date "????.??.??"]
[Round "11"]
[White "Kamsky, Gata"]
[Black "Bartel, Mateusz"]
[Result "1-0"]
[WhiteElo "2746"]
[BlackElo "2654"]
[PlyCount "109"]

1. e4 e6 2. d3 c5 3. g3 Nc6 4. Bg2 g6 5. Nf3 Bg7 6. O-O Nge7 7. c3 O-O 8. Be3
b6 9. d4 cxd4 10. Nxd4 Ba6 11. Re1 Ne5 12. Na3 d5 13. Bg5 dxe4 14. Bxe4 Qd7 15.
f4 Nd3 16. Bxd3 Bxd4+ 17. Kf1 Bc5 18. Bxa6 Qc6 19. Nc2 Qh1+ 20. Ke2 Qxh2+ 21.
Kd3 Rad8+ 22. Nd4 f6 23. Bh4 Bxd4 24. Qe2 Bc5+ 25. Kc2 Qxe2+ 26. Rxe2 Kf7 27.
Rae1 Nf5 28. Bc4 Nxh4 29. gxh4 f5 30. Rxe6 Kg7 31. h5 a5 32. a3 gxh5 33. Rh1
Rd6 34. Re7+ Kg6 35. Re2 b5 36. Bxb5 h6 37. Be8+ Kg7 38. Rxh5 Rdf6 39. b4 axb4
40. axb4 Bd6 41. Rh4 Kh7 42. Kb3 Rg8 43. Bd7 Rg3 44. Rd2 Kg6 45. Rd5 Be7 46.
Rh1 Rf3 47. Re1 Bd6 48. Bxf5+ Kf7 49. Bg4 R3xf4 50. Bh5+ Kg7 51. c4 R4f5 52.
Red1 Be7 53. c5 Kf8 54. Rxf5 Rxf5 55. c6 1-0

[Event "Chess Olympiad 2012"]
[Site "?"]
[Date "????.??.??"]
[Round "11"]
[White "Peralta, Fernando"]
[Black "Giri, Anish"]
[Result "0-1"]
[WhiteElo "2606"]
[BlackElo "2711"]
[PlyCount "58"]

1. d4 e6 2. c4 d5 3. Nc3 c6 4. e3 Nd7 5. Bd3 dxc4 6. Bxc4 b5 7. Bd3 a6 8. Nf3
c5 9. d5 exd5 10. Nxd5 Bb7 11. Be4 Ne7 12. Nc3 Nc6 13. a4 b4 14. Ne2 Nf6 15.
Bd3 Na5 16. O-O c4 17. Bc2 b3 18. Bf5 g6 19. Bh3 Ne4 20. Bd2 Nxd2 21. Nxd2 Bg7
22. Rc1 Bxb2 23. Rxc4 O-O 24. Rb4 Qe7 25. Rb6 Rfd8 26. Nd4 Bxd4 27. exd4 Rxd4
28. Qc1 Qd8 29. Qc5 Rxd2 0-1

[Event "Chess Olympiad 2012"]
[Site "?"]
[Date "????.??.??"]
[Round "11"]
[White "Le, Quang Liem"]
[Black "Kasimdzhanov, Rustam"]
[Result "1/2-1/2"]
[WhiteElo "2693"]
[BlackElo "2684"]
[PlyCount "53"]

1. c4 c6 2. d4 d5 3. Nf3 Nf6 4. Nc3 e6 5. Bg5 h6 6. Bxf6 Qxf6 7. Qb3 dxc4 8.
Qxc4 Nd7 9. Rd1 Qe7 10. a3 g6 11. e4 e5 12. d5 Nb6 13. Qb3 Bg7 14. Be2 O-O 15.
O-O Bd7 16. dxc6 bxc6 17. Qc2 Rfb8 18. Nd2 a5 19. Rb1 h5 20. Nc4 Be6 21. Nxb6
Rxb6 22. Qc1 a4 23. Nd1 Ra5 24. Qd2 Ra7 25. Qc1 Ra5 26. Qd2 Ra7 27. Qc1 1/2-1/2

[Event "Chess Olympiad 2012"]
[Site "?"]
[Date "????.??.??"]
[Round "11"]
[White "Dominguez Perez, Leinier"]
[Black "Lenic, Luka"]
[Result "1-0"]
[WhiteElo "2725"]
[BlackElo "2640"]
[PlyCount "119"]

1. e4 e5 2. Nf3 Nc6 3. Bb5 a6 4. Ba4 Nf6 5. O-O Be7 6. Re1 b5 7. Bb3 d6 8. c3
O-O 9. h3 Na5 10. Bc2 c5 11. d4 Nd7 12. a4 Bb7 13. d5 Nb6 14. b4 cxb4 15. cxb4
Nac4 16. a5 Nd7 17. Nc3 Nf6 18. Ne2 Kh8 19. Ng3 Bc8 20. Bd3 Bd7 21. Qe2 Rc8 22.
Ra2 Rc7 23. Rc2 Qb8 24. Bg5 Rfc8 25. Rec1 Na3 26. Rxc7 Rxc7 27. Qa2 Nc4 28.
Bxc4 Qc8 29. Bxb5 Rxc1+ 30. Bxc1 Bxb5 31. Be3 Ne8 32. Qb2 g6 33. Nd2 Bh4 34.
Kh2 Kg8 35. Nb1 Bd3 36. Qc3 Qxc3 37. Nxc3 Bxg3+ 38. Kxg3 Nc7 39. Bb6 Nb5 40.
Nxb5 Bxb5 41. Bc7 f5 42. Bxd6 fxe4 43. Bxe5 Bc4 44. d6 Kf7 45. Kf4 Ke6 46. g4
Bd5 47. Kg5 Bc6 48. Bf4 Kf7 49. Kh6 Kg8 50. Be5 Bd7 51. Bc3 Bc6 52. h4 Bd7 53.
g5 Bc6 54. h5 Be8 55. b5 Bxb5 56. hxg6 hxg6 57. Kxg6 Kf8 58. Kf6 Ke8 59. g6 Bc4
60. Kg7 1-0

[Event "Chess Olympiad 2012"]
[Site "?"]
[Date "????.??.??"]
[Round "11"]
[White "Beliavsky, Alexander"]
[Black "Bruzon Batista, Lazaro"]
[Result "1-0"]
[WhiteElo "2609"]
[BlackElo "2711"]
[PlyCount "151"]

1. d4 Nf6 2. c4 g6 3. Nc3 Bg7 4. e4 d6 5. Nf3 O-O 6. Be2 e5 7. O-O exd4 8. Nxd4
Re8 9. f3 c6 10. Kh1 Nh5 11. g4 Nf6 12. Be3 h5 13. g5 Nfd7 14. Qd2 Nb6 15. Rad1
Na6 16. Nb3 Bh3 17. Rg1 Be5 18. Bd4 Qe7 19. f4 Bxd4 20. Qxd4 Rad8 21. f5 Nc5
22. Nxc5 dxc5 23. Qf2 Rxd1 24. Bxd1 Qd6 25. Qh4 Qd3 26. Be2 Qe3 27. Rg3 Qc1+
28. Rg1 Qe3 29. Qg3 Qxg3 30. Rxg3 Bg4 31. Bxg4 hxg4 32. b3 Nd7 33. Rxg4 Ne5 34.
Rg1 Nf3 35. Rg3 Nd4 36. f6 b5 37. cxb5 cxb5 38. Rh3 Nc6 39. Nxb5 Rxe4 40. Rc3
Re5 41. h4 a5 42. Kg2 Nb4 43. Nc7 Re2+ 44. Kf3 Rxa2 45. Re3 Nc6 46. Re8+ Kh7
47. Rf8 Ne5+ 48. Ke4 Re2+ 49. Kd5 c4 50. bxc4 a4 51. Nb5 a3 52. Ra8 a2 53. Nc3
Re3 54. Kd4 Rd3+ 55. Kxe5 Rxc3 56. Kd4 Rc2 57. Ra7 Kg8 58. c5 Rh2 59. Kd5 Rd2+
60. Ke5 Rc2 61. Kd6 Rd2+ 62. Kc7 Rc2 63. c6 Rd2 64. Kc8 Rc2 65. c7 Rd2 66. Ra8
Kh7 67. Kb7 Rb2+ 68. Kc6 Rc2+ 69. Kd7 Rd2+ 70. Ke8 Rc2 71. Kf8 Rxc7 72. Rxa2
Rc4 73. Rh2 Rc7 74. Re2 Rc4 75. Kxf7 Rxh4 76. Ke8 1-0

[Event "Chess Olympiad 2012"]
[Site "?"]
[Date "????.??.??"]
[Round "11"]
[White "Safarli, Eltaj"]
[Black "Sasikiran, Krishnan"]
[Result "1/2-1/2"]
[WhiteElo "2620"]
[BlackElo "2707"]
[PlyCount "120"]

1. e4 c5 2. Nf3 d6 3. d4 cxd4 4. Nxd4 Nf6 5. Nc3 a6 6. Be3 e6 7. g4 h6 8. Bg2
Nc6 9. h3 Be7 10. Qe2 Nxd4 11. Bxd4 e5 12. Be3 b5 13. O-O-O b4 14. Nd5 Nxd5 15.
exd5 a5 16. Be4 Bd7 17. Kb1 a4 18. f4 exf4 19. Bxf4 O-O 20. Qd2 Re8 21. Bd3 b3
22. cxb3 axb3 23. a3 Bf6 24. Bxd6 Bxg4 25. hxg4 Qxd6 26. Rxh6 Red8 27. g5 gxh6
28. gxf6 Qxf6 29. Rg1+ Kh8 30. Rf1 Qg7 31. Bc4 Rab8 32. Rf3 Qg1+ 33. Rf1 Qg5
34. Qc3+ Qg7 35. Qh3 Rb6 36. Bxb3 Rf6 37. Rc1 Rf2 38. Rc3 Qg1+ 39. Rc1 Qg5 40.
Rc6 h5 41. Qc3+ Kg8 42. Ka2 h4 43. d6 Qf6 44. Qc1 h3 45. Rc7 Qxd6 46. Qg5+ Kf8
47. Rc3 h2 48. Rh3 Rxb2+ 49. Kxb2 Qd4+ 50. Ka2 Qf2+ 51. Kb1 Qf1+ 52. Kb2 Qe2+
53. Kb1 Qe1+ 54. Qc1 Qe4+ 55. Ka1 Qe5+ 56. Ka2 Qe2+ 57. Ka1 Qe5+ 58. Ka2 Qe2+
59. Ka1 Qe5+ 60. Ka2 Qe6 1/2-1/2

[Event "Chess Olympiad 2012"]
[Site "?"]
[Date "????.??.??"]
[Round "11"]
[White "Harikrishna, Pentala"]
[Black "Mamedyarov, Shakhriyar"]
[Result "0-1"]
[WhiteElo "2685"]
[BlackElo "2729"]
[PlyCount "184"]

1. e4 c6 2. d4 d5 3. Nd2 dxe4 4. Nxe4 Bf5 5. Ng3 Bg6 6. h4 h6 7. Nf3 Nf6 8. Ne5
Bh7 9. Bc4 e6 10. Qe2 Nd5 11. Qh5 Qc7 12. O-O Bd6 13. Re1 O-O 14. Qg4 Nf6 15.
Qf3 Nbd7 16. Nxd7 Nxd7 17. Ne4 Be7 18. c3 Bxh4 19. Qg4 Bxe4 20. Rxe4 Bxf2+ 21.
Kxf2 f5 22. Bxe6+ Kh8 23. Bxf5 Nf6 24. Qg6 Nxe4+ 25. Kg1 Nf6 26. Bd3 Qf7 27.
Bf4 Qxg6 28. Bxg6 Nd7 29. Bg3 Rf6 30. Bh5 Rf5 31. Bf3 Re8 32. a4 h5 33. Ra3 Re6
34. c4 Nb6 35. Rc3 Nxa4 36. Rb3 Nb6 37. c5 Nc4 38. Rxb7 Nd2 39. Be5 Rxf3 40.
Bxg7+ Kg8 41. gxf3 Rg6+ 42. Kf2 Rxg7 43. Rb8+ Kh7 44. d5 cxd5 45. Rd8 Rf7 46.
Rxd5 Ne4+ 47. Ke3 Nf6 48. Rd6 Kg6 49. Kf4 Rd7 50. Ra6 Rd4+ 51. Kg3 Rd7 52. b4
Kf5 53. b5 Rg7+ 54. Kh4 Rc7 55. c6 Nd5 56. Ra4 Ke5 57. Kxh5 Kd6 58. Ra5 Nc3 59.
f4 Kc5 60. f5 Nxb5 61. f6 Kb6 62. Ra1 Nd6 63. Rb1+ Kxc6 64. Ra1 Kd5 65. Kg6 Nc4
66. Kf5 Nd6+ 67. Kg6 Kc6 68. Ra6+ Kc5 69. Ra1 Kb4 70. Rb1+ Ka3 71. Ra1+ Kb2 72.
Ra6 Rd7 73. Ra5 Kb3 74. Ra1 Rc7 75. Ra6 Rd7 76. Ra1 Kc3 77. Ra4 Kb3 78. Ra1 Kb4
79. Rb1+ Kc5 80. Rc1+ Kb6 81. Rb1+ Kc7 82. Ra1 Kb8 83. Rb1+ Rb7 84. Rd1 Rb6 85.
Re1 a5 86. Re5 Ra6 87. Re6 Kb7 88. Re7+ Kc6 89. Kg5 a4 90. Kf4 a3 91. Re1 a2
92. Ra1 Kd5 0-1

[Event "Chess Olympiad 2012"]
[Site "?"]
[Date "????.??.??"]
[Round "11"]
[White "Adams, Michael"]
[Black "Laznicka, Viktor"]
[Result "1/2-1/2"]
[WhiteElo "2722"]
[BlackElo "2683"]
[PlyCount "60"]

1. e4 c6 2. d4 d5 3. e5 Bf5 4. Nf3 e6 5. Be2 c5 6. O-O Nc6 7. c3 cxd4 8. Nxd4
Nxd4 9. cxd4 Ne7 10. Nc3 h6 11. Qb3 Qd7 12. Be3 Nc6 13. Rfc1 Be7 14. Na4 O-O
15. Nc5 Bxc5 16. Rxc5 b6 17. Rc3 Na5 18. Qb4 Rac8 19. Bb5 Qb7 20. Rac1 Nc4 21.
Bxc4 dxc4 22. Rxc4 Be4 23. f3 Bd5 24. Rxc8 Rxc8 25. Rxc8+ Qxc8 26. a3 Qc2 27.
Qd2 Qxd2 28. Bxd2 a5 29. Kf2 a4 30. g4 Kh7 1/2-1/2

[Event "Chess Olympiad 2012"]
[Site "?"]
[Date "????.??.??"]
[Round "11"]
[White "Navara, David"]
[Black "Jones, Gawain"]
[Result "1-0"]
[WhiteElo "2691"]
[BlackElo "2653"]
[PlyCount "115"]

1. d4 Nf6 2. c4 g6 3. Nc3 Bg7 4. e4 d6 5. Nf3 O-O 6. h3 e5 7. d5 Na6 8. Bg5 Qe8
9. g4 Nd7 10. Rg1 Nb6 11. Be2 Bd7 12. h4 Na4 13. Nb5 N4c5 14. Nd2 f6 15. Be3 c6
16. Nc3 Kh8 17. a3 f5 18. gxf5 gxf5 19. b4 f4 20. Bxc5 dxc5 21. b5 cxb5 22.
cxb5 Nc7 23. a4 Bf6 24. Nc4 Rg8 25. Kd2 f3 26. Bxf3 Bxh4 27. Kc2 Bxf2 28. Rxg8+
Qxg8 29. Nxe5 Qg7 30. Nxd7 Qxd7 31. Bg4 Qd6 32. Bf5 Ne8 33. Bxh7 Kxh7 34. Qh1+
Kg7 35. Qg2+ Qg3 36. Rg1 Kf7 37. Qxg3 Bxg3 38. Rxg3 Nd6 39. e5 Nc4 40. Rg5 Rh8
41. e6+ Ke7 42. Ne4 Rh7 43. Nxc5 Nd6 44. Rg2 Nf5 45. Rd2 Nd6 46. Rf2 Rg7 47.
Rf4 Rg2+ 48. Kc3 Rg3+ 49. Kd4 b6 50. Ne4 Ra3 51. Nxd6 Kxd6 52. Rf8 Rxa4+ 53.
Kd3 Ra3+ 54. Ke2 Rb3 55. Rf7 Rb4 56. Rd7+ Kc5 57. e7 Re4+ 58. Kf3 1-0

[Event "Chess Olympiad 2012"]
[Site "?"]
[Date "????.??.??"]
[Round "11"]
[White "Short, Nigel"]
[Black "Babula, Vlastimil"]
[Result "1-0"]
[WhiteElo "2698"]
[BlackElo "2595"]
[PlyCount "63"]

1. e4 c5 2. Nf3 d6 3. d4 cxd4 4. Nxd4 Nf6 5. Nc3 e6 6. g4 a6 7. g5 Nfd7 8. h4
b5 9. a3 Bb7 10. Be3 Nc6 11. Nxc6 Bxc6 12. h5 Rc8 13. Qd4 Qc7 14. Be2 Nc5 15.
f3 e5 16. Qd2 Be7 17. O-O-O O-O 18. g6 Ne6 19. Kb1 Rfd8 20. Nd5 Bxd5 21. exd5
Nc5 22. gxf7+ Kxf7 23. f4 Bf6 24. fxe5 Bxe5 25. Bg4 Rb8 26. Bxc5 Qxc5 27. Be6+
Ke8 28. Qd3 Ke7 29. Rhf1 Rf8 30. Qxh7 Qe3 31. Qg6 Rf2 32. h6 1-0

[Event "Chess Olympiad 2012"]
[Site "?"]
[Date "????.??.??"]
[Round "11"]
[White "Caruana, Fabiano"]
[Black "Papaioannou, Ioannis"]
[Result "1-0"]
[WhiteElo "2773"]
[BlackElo "2606"]
[PlyCount "85"]

1. d4 Nf6 2. c4 e6 3. Nf3 c5 4. d5 d6 5. Nc3 exd5 6. cxd5 g6 7. Bf4 a6 8. a4
Nh5 9. Bg5 Be7 10. Bd2 Bg4 11. e3 Bxf3 12. Qxf3 Nd7 13. Qd1 O-O 14. Be2 Nhf6
15. g4 Ne8 16. O-O Bf6 17. f4 h6 18. Qb3 Rb8 19. Ne4 Bg7 20. g5 Qe7 21. gxh6
Bxh6 22. Ng3 Nc7 23. e4 b5 24. a5 Bg7 25. Rae1 Qh4 26. Kh1 Rbe8 27. Rg1 b4 28.
Rg2 Nb5 29. Bxb5 axb5 30. Nf5 Qf6 31. Qh3 Nb8 32. b3 Na6 33. Nxg7 Kxg7 34. f5
Rh8 35. Qg3 Rh5 36. Bf4 c4 37. Bxd6 c3 38. fxg6 fxg6 39. e5 Qf5 40. Rf2 Qh3 41.
Qxh3 Rxh3 42. Rd1 Rc8 43. e6 1-0

[Event "Chess Olympiad 2012"]
[Site "?"]
[Date "????.??.??"]
[Round "11"]
[White "Vallejo Pons, Francisco"]
[Black "Ivanisevic, Ivan"]
[Result "1/2-1/2"]
[WhiteElo "2697"]
[BlackElo "2645"]
[PlyCount "63"]

1. e4 e5 2. Nf3 Nc6 3. Bb5 f5 4. Nc3 fxe4 5. Nxe4 Nf6 6. Nxf6+ Qxf6 7. Qe2 Be7
8. Bxc6 dxc6 9. Nxe5 Bf5 10. d3 O-O 11. O-O Rae8 12. f4 Bd6 13. d4 c5 14. Be3
Qe6 15. b3 Qd5 16. Qf2 Qe4 17. c3 b6 18. dxc5 Bxe5 19. fxe5 Bg6 20. Bf4 bxc5
21. Rae1 Qc6 22. Qf3 Qxf3 23. Rxf3 c4 24. bxc4 Bf7 25. Re4 Be6 26. a4 Rb8 27.
Be3 Rxf3 28. gxf3 a5 29. Bc5 Kf7 30. Rf4+ Kg6 31. Be7 Re8 32. Bc5 1/2-1/2

[Event "Chess Olympiad 2012"]
[Site "?"]
[Date "????.??.??"]
[Round "11"]
[White "Topalov, Veselin"]
[Black "Iturrizaga, Eduardo"]
[Result "1-0"]
[WhiteElo "2752"]
[BlackElo "2627"]
[PlyCount "85"]

1. d4 Nf6 2. c4 e6 3. Nf3 b6 4. g3 Ba6 5. Qc2 Bb4+ 6. Bd2 c5 7. Bxb4 cxb4 8.
Nbd2 Nc6 9. e4 O-O 10. Bd3 Rc8 11. e5 Ne8 12. Bxh7+ Kh8 13. Bd3 d5 14. exd6
Nxd6 15. O-O Qf6 16. c5 Nxd4 17. Nxd4 Rxc5 18. Bxa6 Rxc2 19. Nxc2 Qxb2 20. Rfc1
Rd8 21. Kg2 g6 22. Nb3 Ne4 23. Bb7 Nc5 24. Rab1 Qf6 25. Bf3 Nxb3 26. axb3 Rd2
27. Ne3 Qd4 28. Kg1 Qf6 29. Kg2 Qd4 30. Rc8+ Kg7 31. Re1 a5 32. Ng4 f5 33. Rc7+
Kf8 34. Ne3 Qb2 35. Rf1 b5 36. Rb7 Qc3 37. Re1 a4 38. bxa4 bxa4 39. Nd1 Qb3 40.
Re5 Rd8 41. Reb5 Rd4 42. Ne3 a3 43. Nd5 1-0

[Event "Chess Olympiad 2012"]
[Site "?"]
[Date "????.??.??"]
[Round "11"]
[White "Bologan, Viktor"]
[Black "Galego, Luis"]
[Result "1/2-1/2"]
[WhiteElo "2734"]
[BlackElo "2495"]
[PlyCount "139"]

1. e4 c5 2. Nf3 e6 3. d4 cxd4 4. Nxd4 a6 5. Nc3 Qc7 6. Bd3 Nf6 7. f4 d6 8. Qf3
Nc6 9. Be3 Be7 10. O-O-O h5 11. h3 h4 12. e5 dxe5 13. Nxc6 Qxc6 14. fxe5 Qxf3
15. gxf3 Nd5 16. Nxd5 exd5 17. f4 g6 18. Bf1 Be6 19. Bg2 O-O-O 20. Rd3 g5 21.
fxg5 Rhg8 22. Rhd1 d4 23. Rxd4 Rxd4 24. Rxd4 Bxg5 25. Bxg5 Rxg5 26. Bd5 Rg1+
27. Kd2 Bxd5 28. Rxd5 Rg2+ 29. Kc3 Re2 30. Rc5+ Kd7 31. Kd4 Rh2 32. Rc3 Ke6 33.
a4 Rd2+ 34. Ke4 Re2+ 35. Kf3 Rd2 36. Rc7 b5 37. axb5 axb5 38. Rc5 Kf5 39. b4
Rh2 40. e6+ Kxe6 41. Kg4 Re2 42. Rxb5 Rxc2 43. Kxh4 Rc4+ 44. Kh5 f5 45. Rb8 Kf6
46. b5 Rb4 47. Rb6+ Ke5 48. Kg5 Rb3 49. h4 Rg3+ 50. Kh6 f4 51. Rb8 Kd6 52. Rc8
Kd7 53. Rc1 Rb3 54. Rc5 Ke6 55. Kg5 f3 56. Rf5 Re3 57. b6 Rd3 58. Rf6+ Ke7 59.
b7 Rb3 60. Kg6 Ke8 61. h5 Rxb7 62. h6 Rb1 63. h7 Rg1+ 64. Kh6 Ke7 65. Rxf3 Rh1+
66. Kg6 Rg1+ 67. Kf5 Rh1 68. Ra3 Kf8 69. Ra7 Rf1+ 70. Ke4 1/2-1/2